000 00621nam a2200205Ia 4500
005 20250508165648.0
008 008 250505s9999 xx 000 0 eng d
037 _aTextual
040 _aFEDL
_beng
_cFEDL
041 _aeng
_2eng
084 _a510.7, BEL
_qFEDL
100 _aBell Robbie
_9781534
245 0 _aBoard games round the world : a resource book for mathematical investigation
260 _aNew York, USA
_bCambridge University Press
_c1993
300 _a124p.
365 _aGBP
_b11.99
700 _a Cornelius Michael
_9781535
942 _cTEXL
_h510.7, BEL
999 _c1396583
_d1396583